000 00971nam a2200241 a 4500
001 000021204
005 20240226184457.0
008 100902s2003 dr 000 0 spa d
020 _a9993495921
040 _aDO-SdBNP
_bspa
_cBNPHU
082 _a193
_bN667zB
100 1 _aBrea Franco, Luis O.
_97125
245 1 0 _aClaves para una lectura de Nietzsche :
_bprolegómenos a una interpretación de su obra /
_cLuis O. Brea Franco.
260 _aSanto Domingo :
_bAcademia de Ciencias de la República Dominicana,
_c2003.
300 _a475 p. ;
_c24 cm.
500 _aIncluye datos biográficos del autor en la solapa de la cubierta
500 _aIncluye referencias bibliográficas y notas al pie de las páginas
504 _aBibliografía: p. 463-475
590 _aInventariado, 2018/MFF
600 1 4 _aNIETZSCHE, FRIEDRICH WILHELM
_d1844-1900
_xCRÍTICA Y INTERPRETACIÓN
_943104
650 4 _aFilosofos alemanes
_943106
910 _aValidado. Control de calidad MFF
999 _c20705
_d20705